<?xml version="1.0" encoding="UTF-8"?>
<record
    xmlns:xsi="http://www.w3.org/2001/XMLSchema-instance"
    xsi:schemaLocation="http://www.loc.gov/MARC21/slim http://www.loc.gov/standards/marcxml/schema/MARC21slim.xsd"
    xmlns="http://www.loc.gov/MARC21/slim">

  <leader>02429cam a22004334a 4500</leader>
  <controlfield tag="001">6054139</controlfield>
  <controlfield tag="003">OSt</controlfield>
  <controlfield tag="005">20151015130515.0</controlfield>
  <controlfield tag="008">060213s2007    njuab    b    001 0 eng  </controlfield>
  <datafield tag="010" ind1=" " ind2=" ">
    <subfield code="a">  2006004948</subfield>
  </datafield>
  <datafield tag="020" ind1=" " ind2=" ">
    <subfield code="a">0131730428</subfield>
  </datafield>
  <datafield tag="020" ind1=" " ind2=" ">
    <subfield code="a">9780131730427</subfield>
  </datafield>
  <datafield tag="024" ind1="3" ind2=" ">
    <subfield code="a">9780131730427</subfield>
  </datafield>
  <datafield tag="035" ind1=" " ind2=" ">
    <subfield code="a">(OCoLC)ocm63808135</subfield>
  </datafield>
  <datafield tag="035" ind1=" " ind2=" ">
    <subfield code="a">(NNC)6054139</subfield>
  </datafield>
  <datafield tag="040" ind1=" " ind2=" ">
    <subfield code="a">DLC</subfield>
    <subfield code="c">DLC</subfield>
    <subfield code="d">BAKER</subfield>
    <subfield code="d">C#P</subfield>
    <subfield code="d">YDXCP</subfield>
    <subfield code="d">OCLCQ</subfield>
    <subfield code="d">BTCTA</subfield>
    <subfield code="d">OrLoB-B</subfield>
  </datafield>
  <datafield tag="042" ind1=" " ind2=" ">
    <subfield code="a">pcc</subfield>
  </datafield>
  <datafield tag="050" ind1="0" ind2="0">
    <subfield code="a">HF5415.13</subfield>
    <subfield code="b">.C533 2007</subfield>
  </datafield>
  <datafield tag="082" ind1="0" ind2="0">
    <subfield code="a">658.7</subfield>
    <subfield code="2">22</subfield>
  </datafield>
  <datafield tag="100" ind1="1" ind2=" ">
    <subfield code="a">Chopra, Sunil,</subfield>
    <subfield code="d">1960-</subfield>
  </datafield>
  <datafield tag="245" ind1="1" ind2="0">
    <subfield code="a">Supply chain management :</subfield>
    <subfield code="b">strategy, planning, and operation /</subfield>
    <subfield code="c">Sunil Chopra, Peter Meindl.</subfield>
  </datafield>
  <datafield tag="250" ind1=" " ind2=" ">
    <subfield code="a">3rd ed.</subfield>
  </datafield>
  <datafield tag="260" ind1=" " ind2=" ">
    <subfield code="a">Upper Saddle River, N.J. :</subfield>
    <subfield code="b">Pearson Prentice Hall,</subfield>
    <subfield code="c">c2007.</subfield>
  </datafield>
  <datafield tag="300" ind1=" " ind2=" ">
    <subfield code="a">xv, 536 p. :</subfield>
    <subfield code="b">ill., map ;</subfield>
    <subfield code="c">26 cm.</subfield>
  </datafield>
  <datafield tag="504" ind1=" " ind2=" ">
    <subfield code="a">Includes bibliographical references and indexes.</subfield>
  </datafield>
  <datafield tag="505" ind1="0" ind2="0">
    <subfield code="g">Ch. 1.</subfield>
    <subfield code="t">Understanding the supply chain -- </subfield>
    <subfield code="g">Ch. 2.</subfield>
    <subfield code="t">Supply chain performance : achieving strategic fit and scope -- </subfield>
    <subfield code="g">Ch. 3.</subfield>
    <subfield code="t">Supply chain drivers and metrics -- </subfield>
    <subfield code="g">Ch. 4.</subfield>
    <subfield code="t">Designing distribution networks and applications to e-business -- </subfield>
    <subfield code="g">Ch. 5.</subfield>
    <subfield code="t">Network design in the supply chain -- </subfield>
    <subfield code="g">Ch. 6.</subfield>
    <subfield code="t">Network design in an uncertain environment -- </subfield>
    <subfield code="g">Ch. 7.</subfield>
    <subfield code="t">Demand forecasting in a supply chain -- </subfield>
    <subfield code="g">Ch. 8.</subfield>
    <subfield code="t">Aggregate planning in a supply chain -- </subfield>
    <subfield code="g">Ch. 9.</subfield>
    <subfield code="t">Planning supply and demand in a supply chain : managing predictable variability -- </subfield>
    <subfield code="g">Ch. 10.</subfield>
    <subfield code="t">Managing economies of scale in a supply chain : cycle inventory -- </subfield>
    <subfield code="g">Ch. 11.</subfield>
    <subfield code="t">Managing uncertainty in a supply chain : safety inventory -- </subfield>
    <subfield code="g">Ch. 12.</subfield>
    <subfield code="t">Determining the optimal level of product availability -- </subfield>
    <subfield code="g">Ch. 13.</subfield>
    <subfield code="t">Transportation in a supply chain -- </subfield>
    <subfield code="g">Ch. 14.</subfield>
    <subfield code="t">Sourcing decisions in a supply chain -- </subfield>
    <subfield code="g">Ch. 15.</subfield>
    <subfield code="t">Pricing and revenue management in a supply chain -- </subfield>
    <subfield code="g">Ch. 16.</subfield>
    <subfield code="t">Information technology in a supply chain -- </subfield>
    <subfield code="g">Ch. 17.</subfield>
    <subfield code="t">Coordination in a supply chain.</subfield>
  </datafield>
  <datafield tag="650" ind1=" " ind2="0">
    <subfield code="a">Marketing channels</subfield>
    <subfield code="x">Management.</subfield>
  </datafield>
  <datafield tag="650" ind1=" " ind2="0">
    <subfield code="a">Delivery of goods</subfield>
    <subfield code="x">Management.</subfield>
  </datafield>
  <datafield tag="650" ind1=" " ind2="0">
    <subfield code="a">Physical distribution of goods</subfield>
    <subfield code="x">Management.</subfield>
  </datafield>
  <datafield tag="650" ind1=" " ind2="0">
    <subfield code="a">Customer services</subfield>
    <subfield code="x">Management.</subfield>
  </datafield>
  <datafield tag="650" ind1=" " ind2="0">
    <subfield code="a">Industrial procurement.</subfield>
  </datafield>
  <datafield tag="650" ind1=" " ind2="0">
    <subfield code="a">Materials management.</subfield>
  </datafield>
  <datafield tag="700" ind1="1" ind2=" ">
    <subfield code="a">Meindl, Peter,</subfield>
    <subfield code="d">1970-</subfield>
  </datafield>
  <datafield tag="856" ind1="4" ind2="1">
    <subfield code="3">Table of contents</subfield>
    <subfield code="u">http://www.loc.gov/catdir/toc/ecip068/2006004948.html</subfield>
  </datafield>
  <datafield tag="900" ind1=" " ind2=" ">
    <subfield code="b">TOC</subfield>
  </datafield>
  <datafield tag="942" ind1=" " ind2=" ">
    <subfield code="2">lcc</subfield>
    <subfield code="c">BK</subfield>
  </datafield>
  <datafield tag="948" ind1="1" ind2=" ">
    <subfield code="a">20070205</subfield>
    <subfield code="b">c</subfield>
    <subfield code="c">rad1</subfield>
    <subfield code="d">MPS</subfield>
  </datafield>
  <datafield tag="948" ind1="2" ind2=" ">
    <subfield code="a">20070213</subfield>
    <subfield code="b">a</subfield>
    <subfield code="c">rad1</subfield>
    <subfield code="d">MPS</subfield>
  </datafield>
  <datafield tag="999" ind1=" " ind2=" ">
    <subfield code="c">250751</subfield>
    <subfield code="d">250751</subfield>
  </datafield>
  <datafield tag="952" ind1=" " ind2=" ">
    <subfield code="0">0</subfield>
    <subfield code="1">0</subfield>
    <subfield code="2">lcc</subfield>
    <subfield code="4">0</subfield>
    <subfield code="7">0</subfield>
    <subfield code="a">40404</subfield>
    <subfield code="b">40404</subfield>
    <subfield code="c">GEN</subfield>
    <subfield code="d">2015-10-15</subfield>
    <subfield code="l">0</subfield>
    <subfield code="o">HF5415.13 .C533 2007</subfield>
    <subfield code="p">20142478</subfield>
    <subfield code="r">2015-10-15 00:00:00</subfield>
    <subfield code="w">2015-10-15</subfield>
    <subfield code="y">BK</subfield>
  </datafield>
</record>
